| 000 | 00696nam a22002057a 4500 | ||
|---|---|---|---|
| 999 |
_c12046 _d12046 |
||
| 003 | AR-CdUCM | ||
| 008 | 190405b ||||| |||| 00| 0 spa d | ||
| 040 |
_aMUNICIPALIDAD PROVINCIAL DEL CUSCO _cBIBLIOTECA MUNICIPAL DEL CUSCO |
||
| 082 |
_a372 / _bG958 / 1949 _24ed. |
||
| 100 |
_aGuillén de Rezzano, Clotilde _927047 |
||
| 245 | _aLos centros de interés en la escuela / | ||
| 260 |
_aBuenos Aires : _bLosada, _c1949. |
||
| 300 |
_a189 páginas ; _bIlustraciones, _c19 cm. |
||
| 440 |
_aLa escuela activa _n3 _929249 |
||
| 505 | _aContenido: Primer grado -- Segundo grado. | ||
| 650 |
_aMétodo Decroly _929250 |
||
| 650 |
_aPrimaria _99686 |
||
| 942 |
_2ddc _cLIBROS |
||
| 945 |
_acmm _d2019-04-05 |
||